000 00809cam a2200217 i 4500
020 _a0837195101
082 0 0 _a355.02
_bCOL
100 1 _aColin, Jean-Lambert-Alphonse,
_949569
245 1 4 _aThe transformations of war /
_cby J. Colin ; translated by L. H. R. Pope-Hennessy.
260 _aWestport, Conn. :
_bGreenwood Press,
_c1912
300 _axvi, 361 p. :
_bill. ;
_c23 cm.
490 1 _aThe West Point military library
500 _aIncludes index.
500 _aReprint of the 1912 ed. published by H. Rees, London, which was issued in the Pall Mall military series.
500 _aTranslation of Les transformations de la guerre.
526 _a0
_b0
_c0
_d355_020000000000000_COL
650 0 _aMCE
_9379
650 0 _aMilitary art and science
_xHistory.
_91734
650 0 _aWar.
942 _2ddc
_cBK
999 _c552350
_d552350